000 00336nab a22001097u 4500
008 130520b2006 xxu||||| |||| 00| 0 spa d
041 _aspa
100 1 _aPoucouta, Paul
_956829
245 0 0 _aLa búsqueda del Jesús histórico en África
_cPaul Poucouta
773 0 _tConcilium
_gnº317,2006,págs. 49-60
_x0210-1041
_wRev134
942 _cAR
999 _c378558
_d378558